| 000 | 01009cam a2200229 i 4500 | ||
|---|---|---|---|
| 999 |
_c58054 _d58054 |
||
| 001 | 20182154 | ||
| 005 | 20221108160017.0 | ||
| 008 | 171204s2018 njua b 001 0 eng c | ||
| 020 | _a9781119313847 (pbk.)X | ||
| 080 | _a376.2 E-80 | ||
| 245 | 0 | 0 |
_aEssentials of specific learning disability identification / _cedited by Vincent C. Alfonso, Dawn P. Flanagan. |
| 250 | _aSecond edition. | ||
| 264 | 1 |
_aHoboken, NJ : _bJohn Wiley & Sons, _c2018. |
|
| 300 |
_a624 pages : _billustrations ; _c22 cm. |
||
| 653 | _aსწავლის უნარის შეზღუდვა | ||
| 653 | _aუნარშეზღუდული ბავშვების სწავლა | ||
| 653 | _aДети с ограниченными возможностями обучения | ||
| 700 | 1 |
_aAlfonso, Vincent C., _eრედაქტორი _911939 |
|
| 700 | 1 |
_aFlanagan, Dawn P., _eრედაქტორი _911940 |
|
| 942 |
_2udc _cBK |
||
| 955 |
_aWaSeSS _axn11 2020-02-04 1 copy rec'd., to CIP ver. |
||